| 000 | 00743nam a2200253Ia 4500 | ||
|---|---|---|---|
| 003 | OSt | ||
| 005 | 20221006144053.0 | ||
| 006 | a|||||r|||| 00| 0 | ||
| 007 | ta | ||
| 008 | 221006b |||||||| |||| 00| 0 eng d | ||
| 020 | _c403.00 | ||
| 024 | _a10,801 | ||
| 037 | _cTextual | ||
| 040 |
_aEASL _cEASL _beng |
||
| 041 |
_2eng _aeng |
||
| 082 | _aW81:(Y31).41.N3, M4 | ||
| 100 |
_aMARKS Robert _9341360 |
||
| 245 | 0 |
_aRural revolution in South China _b Peasants and the making of history in Haifeng country, 1570-1930 |
|
| 260 |
_aWisconsin _bUniversity of Wisconsin Press _c1984 |
||
| 300 |
_a339p. _ccm. |
||
| 490 | _v CEL | ||
| 942 |
_hW81:(Y31).41.N3, M4 _cTEXL _2CC |
||
| 999 |
_c1078887 _d1078887 |
||